Empresa de FFCC del Estado: un caso de privatización en democracia

Đã lưu trong:
Chi tiết về thư mục
Tác giả chính: Ramírez Caballero, Apolonia (Tác giả)
Định dạng: Sách
Ngôn ngữ:Tiếng Tây Ban Nha
Được phát hành: Santiago Programa de Economía del Trabajo 1993
Những chủ đề:
Các nhãn: Thêm thẻ
Không có thẻ, Là người đầu tiên thẻ bản ghi này!

MARC

LEADER 00000nam a2200000 a 4500
001 UCY0135
003 CL-VaPUC
008 940713e19930000CL |||||||||||||||||spa|d
082 0 4 |a 338.9  |b RAM  |2 21 
100 0 |a Ramírez Caballero, Apolonia  |e author  |9 327752 
245 1 0 |a Empresa de FFCC del Estado: un caso de privatización en democracia 
300 |a 166 p 
942 |c BK 
945 |d 19940713 00:00:00  |a rbrito 
260 |a Santiago  |b Programa de Economía del Trabajo  |c 1993 
650 0 |a Ferrocarriles  |9 260933 
650 7 |a PRIVATIZACION  |2 CL-VaPUC  |9 258145 
651 7 |a CHILE  |2 CL-VaPUC  |9 327753 
583 |a last modification  |c 19940713 00:00:00  |k Rodrigo Vera 
999 |c 229217  |d 229215 
952 |0 0  |1 0  |4 0  |6 338_900000000000000_RAM_1993  |7 0  |8 A  |9 230066  |a BIBENE  |b BIBENE  |d 2019-11-15  |i 2989050  |o 338.9 RAM 1993  |p 2989050  |r 2025-01-15  |w 2019-11-15  |y BK  |k ICO